00752 2200313 4500001002100000005001500021035002000036007000300056008004100059020002200100082001000122084001600132100001800148245006700166260004300233300002800276650001300304700001400317990001200331990001000343990001000353990001200363990001100375990001000386990001000396990001100406990001100417990001000428INLIS00000000000202920180531022502 a0010-0518000099ta180531 g 0 ind  a978-602-249-761-5 a153.8 a153.8 DIN m0 aDINAR, Tanama1 aMe vs The Guy Inside Me /cDinar Tanama; penyunting, Mursyidah aJakarta :bBhuana Ilmu Komputer,c2013 aviii, 170 hlm ;c21 cm. aMOTIVASI0 aMURSYIDAH a16634 a a16634 a16634 a16634 a a16634a a16634 a16634 a16634a a16634a a16634